[Event "12th EUR-ch"]
[Site "Aix-les-Bains FRA"]
[Date "2011.03.28"]
[Round "7.50"]
[White "Sahitaj, Naim"]
[Black "Savchenko, Boris"]
[Result "0-1"]
[WhiteElo "2235"]
[BlackElo "2616"]
[EventDate "2011.03.22"]
[PlyCount "63"]

1.d4 Nf6 2.c4 e6 3.Nc3 d5 4.e3 c5 5.Nf3 Nc6 6.a3 cxd4 7.exd4 g6 8.h3 Bg7 
9.Bd3 b6 10.cxd5 Nxd5 11.Bb5 Bb7 12.Bg5 Nxc3 13.bxc3 Qd5 14.Qe2 O-O 15.O-O
Rfc8 16.Ba6 Bxa6 17.Qxa6 Na5 18.Rac1 Nb3 19.c4 Qf5 20.Be3 Nxc1 21.Rxc1 Qa5
22.Qxa5 bxa5 23.c5 Rab8 24.Rc4 Rb1+ 25.Kh2 Rb5 26.g3 Kf8 27.Bd2 e5 28.a4 
Rb2 29.d5 e4 30.d6 exf3 31.d7 Rd8 32.Be3 0-1

[Event "12th EUR-ch"]
[Site "Aix-les-Bains FRA"]
[Date "2011.03.28"]
[Round "7.51"]
[White "Romanishin, Oleg"]
[Black "Caruana, Fabiano"]
[Result "0-1"]
[WhiteElo "2530"]
[BlackElo "2716"]
[EventDate "2011.03.22"]
[PlyCount "106"]

1.Nf3 Nf6 2.g3 d5 3.Bg2 g6 4.c4 Bg7 5.cxd5 Nxd5 6.O-O Nc6 7.Nc3 Nb6 8.d3 
O-O 9.Be3 Bg4 10.Qd2 Rb8 11.Bh6 Bxh6 12.Qxh6 Bxf3 13.Bxf3 Nd4 14.Bg2 e5 
15.Rfd1 Qe7 16.e3 Nf5 17.Qh3 c6 18.Qg4 Rfd8 19.Qe2 Nd7 20.Bh3 Nd6 21.Rac1 
Nf6 22.e4 Nb5 23.Nxb5 cxb5 24.Rc3 Rd4 25.Rdc1 Qd6 26.Bf1 Qe6 27.Rc5 a6 28.
a3 Rbd8 29.Qe3 Kg7 30.Qg5 Re8 31.Rc7 h6 32.Qe3 Re7 33.Qe1 Rxc7 34.Rxc7 Qb6
35.Qc1 b4 36.a4 Rd6 37.a5 Qxa5 38.Rxb7 Rd7 39.Rb8 Rd8 40.Rb7 Rd7 41.Rb8 
Rc7 42.Qe1 Nd7 43.Rd8 Rc1 44.Qxc1 Qxd8 45.Qc6 Nf6 46.Qxa6 Qd4 47.Qa2 Ng4 
48.b3 Nf6 49.Bh3 Qxd3 50.Bf1 Qd4 51.Bc4 Nxe4 52.Kg2 Nd2 53.Qc2 Qc3 0-1

[Event "12th EUR-ch"]
[Site "Aix-les-Bains FRA"]
[Date "2011.03.28"]
[Round "7.52"]
[White "Godena, Michele"]
[Black "Fressinet, Laurent"]
[Result "0-1"]
[WhiteElo "2526"]
[BlackElo "2693"]
[EventDate "2011.03.22"]
[PlyCount "154"]

1.e4 c6 2.d4 d5 3.Nd2 dxe4 4.Nxe4 Nf6 5.Nxf6+ gxf6 6.Be3 Bf5 7.Nf3 Nd7 8.
Qd2 e6 9.O-O-O Nb6 10.c4 Bg7 11.Nh4 Bg6 12.Be2 Qe7 13.Qa5 O-O 14.Nxg6 hxg6
15.h4 f5 16.f4 Nd7 17.h5 c5 18.hxg6 fxg6 19.dxc5 b6 20.Qd2 Nxc5 21.Qd6 Qf7
22.Bf3 Rac8 23.b3 Bf6 24.Qd2 b5 25.Bxc5 Rxc5 26.Qd7 bxc4 27.b4 Rc7 28.
Qxf7+ Kxf7 29.Rd6 c3 30.Kc2 Rb8 31.a3 a5 32.Re1 axb4 33.axb4 Rxb4 34.Rexe6
Rb2+ 35.Kc1 Be7 36.Rc6 Rxc6 37.Rxc6 Bf6 38.Rc7+ Kf8 39.Rc8+ Kg7 40.Rc7+ 
Kh6 41.Rc6 Bd4 42.Kd1 Rd2+ 43.Kc1 Kg7 44.Rc7+ Kf8 45.Rc8+ Ke7 46.Rc7+ Kd8 
47.Rc6 Kd7 48.Rc4 Bg7 49.Rc6 Rf2 50.Rc4 Bf6 51.Kd1 Ra2 52.Rc6 Bd4 53.Rc4 
Bg7 54.Rc6 Rb2 55.Rc4 Rd2+ 56.Kc1 Rf2 57.Kd1 Bf6 58.Rc5 Ke7 59.Rc7+ Kf8 
60.Rc8+ Kg7 61.Rc7+ Kh6 62.Rc6 Bd4 63.Rc4 Bg7 64.Kc1 Rb2 65.Kd1 Rb8 66.Kc2
Rd8 67.Kc1 Bf6 68.Rc6 Rf8 69.Rc5 Rf7 70.Kc2 Ra7 71.Rc6 Kg7 72.Rc5 Ra4 73.
Rc7+ Kh6 74.Rf7 Bg7 75.g3 Ra2+ 76.Kc1 Ra1+ 77.Kc2 Rg1 0-1

[Event "12th EUR-ch"]
[Site "Aix-les-Bains FRA"]
[Date "2011.03.28"]
[Round "7.53"]
[White "Rublevsky, Sergei"]
[Black "Cmilyte, Viktorija"]
[Result "1/2-1/2"]
[WhiteElo "2678"]
[BlackElo "2526"]
[EventDate "2011.03.22"]
[PlyCount "84"]

1.e4 c5 2.Nf3 d6 3.d4 cxd4 4.Nxd4 Nf6 5.Nc3 g6 6.Be3 Bg7 7.f3 O-O 8.Qd2 
Nc6 9.O-O-O d5 10.exd5 Nxd5 11.Nxc6 bxc6 12.Bd4 Bxd4 13.Qxd4 Qb6 14.Na4 
Qc7 15.Bc4 Rd8 16.Bb3 Be6 17.Nc5 Nf4 18.Nxe6 Nxe6 19.Qe3 Nf4 20.g3 Nd5 21.
Qe4 e6 22.f4 Nf6 23.Qf3 c5 24.Bc4 Rab8 25.Rxd8+ Rxd8 26.Rd1 Rxd1+ 27.Qxd1 
Qc6 28.b3 Kg7 29.Kb2 h5 30.a4 Qg2 31.Qe2 Qg1 32.Qd2 Ne4 33.Qd7 Nf6 34.Qd2 
Ne4 35.Qd3 Nf2 36.Qc3+ Kg8 37.Qf6 Nd1+ 38.Ka2 Qe1 39.Qd8+ Kg7 40.Qd3 Nc3+ 
41.Kb2 Nd1+ 42.Ka2 Nc3+ 1/2-1/2

[Event "12th EUR-ch"]
[Site "Aix-les-Bains FRA"]
[Date "2011.03.28"]
[Round "7.54"]
[White "Bologan, Viorel"]
[Black "Muzychuk, Anna"]
[Result "1-0"]
[WhiteElo "2671"]
[BlackElo "2528"]
[EventDate "2011.03.22"]
[PlyCount "81"]

1.e4 e5 2.Bc4 Nf6 3.d3 c6 4.Nf3 d5 5.Bb3 a5 6.a4 Bd6 7.Nc3 dxe4 8.Ng5 O-O 
9.Ncxe4 Nxe4 10.Nxe4 Bf5 11.Qf3 Bxe4 12.dxe4 Nd7 13.c3 Nc5 14.Bc2 Qe7 15.
O-O Rfd8 16.g3 Qe6 17.Be3 Be7 18.h4 g6 19.h5 Qh3 20.h6 Rd7 21.Rfd1 Rad8 
22.b4 axb4 23.cxb4 Ne6 24.Rxd7 Rxd7 25.b5 cxb5 26.axb5 Ng5 27.Ra8+ Rd8 28.
Rxd8+ Bxd8 29.Qd1 Be7 30.Bb3 Qxh6 31.Qd7 Qf8 32.Qxb7 h5 33.b6 Nf3+ 34.Kg2 
Nd4 35.Bxd4 exd4 36.e5 Kg7 37.Qc6 Qb8 38.Qd5 Qxb6 39.Qxf7+ Kh6 40.Bd5 Ba3 
41.Be4 1-0

[Event "12th EUR-ch"]
[Site "Aix-les-Bains FRA"]
[Date "2011.03.28"]
[Round "7.56"]
[White "Nyback, Tomi"]
[Black "Durarbeyli, Vasif"]
[Result "1/2-1/2"]
[WhiteElo "2656"]
[BlackElo "2510"]
[EventDate "2011.03.22"]
[PlyCount "256"]

1.d4 Nf6 2.c4 g6 3.Nc3 Bg7 4.e4 d6 5.Nf3 O-O 6.Be2 c5 7.O-O cxd4 8.Nxd4 
Nc6 9.Nc2 Nd7 10.Bd2 a5 11.f3 Nc5 12.Be3 a4 13.Qd2 Qa5 14.Rac1 Be6 15.Rfd1
Rfc8 16.Na3 Qb4 17.Bf1 h5 18.Qf2 Kh7 19.Rc2 Qa5 20.Nd5 Qd8 21.Rcc1 Qh8 22.
Nb5 Rab8 23.Rb1 Bxd5 24.exd5 Ne5 25.b4 axb3 26.axb3 Na6 27.Rdc1 Nc7 28.
Nxc7 Rxc7 29.b4 b6 30.Kh1 Nd7 31.g3 Qc8 32.f4 Qb7 33.Bg2 Qa6 34.Qe2 Rbc8 
35.Bg1 Bf6 36.Bh3 Qb7 37.Qe4 Qa6 38.b5 Qb7 39.Bxd7 Rxd7 40.f5 Rdc7 41.
fxg6+ fxg6 42.Rc2 Be5 43.Re1 Rf8 44.Rf2 Rcc8 45.Kg2 Rxf2+ 46.Bxf2 Rf8 47.
Re2 Qa7 48.Be3 Qa1 49.Rf2 Rxf2+ 50.Bxf2 Qa2 51.Qd3 Kg7 52.h4 Kf7 53.Kf3 
Qa1 54.Bxb6 Qh1+ 55.Ke2 Kg7 56.Bf2 Qa1 57.Qb3 Qh1 58.Qc2 Qh3 59.Qe4 Qd7 
60.Bd4 Bxd4 61.Qxd4+ Kf7 62.Kd2 Qh3 63.Qe3 Ke8 64.Kc3 Qf1 65.Qd3 Qc1+ 66.
Kb3 Kd8 67.Qc2 Qe1 68.Qc3 Qb1+ 69.Ka4 Qa2+ 70.Kb4 Kc7 71.Qc1 Qf2 72.Qc3 
Qa2 73.Qd4 Qb1+ 74.Kc3 Qe1+ 75.Kc2 Qe2+ 76.Kb3 Kb7 77.Qc3 Qd1+ 78.Qc2 Qf3+
79.Kb4 Qe3 80.Qxg6 Qd2+ 81.Kb3 Qe3+ 82.Kc2 Qe2+ 83.Kc3 Qe1+ 84.Kd4 Qg1+ 
85.Kc3 Qe1+ 86.Kb3 Qe3+ 87.Ka4 Qa7+ 88.Kb4 Qc5+ 89.Kc3 Qa3+ 90.Kd2 Qb4+ 
91.Ke3 Qe1+ 92.Kf4 Qe5+ 93.Kf3 Qc3+ 94.Kg2 Qd2+ 95.Kh3 Qe2 96.Qf5 Qxc4 97.
Qxh5 Qf1+ 98.Kh2 Qf2+ 99.Kh3 Qf1+ 100.Kg4 Qd1+ 101.Kg5 Qxd5+ 102.Kh6 e5 
103.Qf5 Qxb5 104.h5 Qe8 105.Qe4+ Kc7 106.Kg5 Qe7+ 107.Kg4 Qe6+ 108.Qf5 
Qc4+ 109.Kg5 e4 110.h6 e3 111.h7 Qc3 112.Qf7+ Kb6 113.Qe7 e2 114.Qxd6+ Ka5
115.Qd5+ Kb6 116.Qe6+ Kc7 117.Qe7+ Kc6 118.Qe8+ Kd6 119.Qd8+ Ke6 120.h8=Q 
Qxg3+ 121.Kh5 Qh2+ 122.Kg6 Qg1+ 123.Kh6 Qh1+ 124.Kg6 Qg1+ 125.Qg5 e1=Q 
126.Qe8+ Kd6 127.Qd8+ Kc6 128.Qd5+ Kc7 1/2-1/2

[Event "12th EUR-ch"]
[Site "Aix-les-Bains FRA"]
[Date "2011.03.28"]
[Round "7.57"]
[White "Martinovic, Sasa"]
[Black "Kurnosov, Igor"]
[Result "0-1"]
[WhiteElo "2504"]
[BlackElo "2653"]
[EventDate "2011.03.22"]
[PlyCount "168"]

1.d4 Nf6 2.c4 g6 3.Nf3 Bg7 4.g3 b6 5.Bg2 Bb7 6.O-O O-O 7.d5 Na6 8.Nc3 Nc5 
9.Nd4 e5 10.Nb3 d6 11.e4 Bc8 12.h3 Nh5 13.Kh2 Bd7 14.Bf3 Kh8 15.Be3 Nf6 
16.Bg2 Ng8 17.Qd2 f5 18.exf5 gxf5 19.f4 e4 20.Nd4 Qe7 21.Rg1 Qf7 22.Bf1 
Nf6 23.Be2 a5 24.Nd1 b5 25.Nxb5 Bxb5 26.cxb5 Qxd5 27.Rc1 Qxa2 28.Bxc5 dxc5
29.Rxc5 e3 30.Qc2 Ne4 31.Bc4 Qa1 32.Rxc7 Rad8 33.Nxe3 Qxb2 34.Qxb2 Bxb2 
35.Re1 a4 36.Re2 a3 37.Nxf5 Rd2 38.Ra7 Rxf5 39.b6 Rxe2+ 40.Bxe2 Nd6 41.Bd3
Rd5 42.Rxh7+ Kg8 43.b7 Nxb7 44.Bc4 Kxh7 45.Bxd5 Nc5 46.g4 Nd3 47.Kg3 Bc1 
48.f5 Bd2 49.Kf3 Nf4 50.Bc4 Nxh3 51.Ke2 Bg5 52.Kd3 Nf2+ 53.Kc2 Nxg4 54.Be6
Be7 55.f6 Nxf6 56.Kb3 Kg6 57.Kc2 Ne4 58.Bg8 Kf5 59.Bh7+ Ke5 60.Bg8 Kd4 61.
Bf7 Nc3 62.Bg8 a2 63.Bxa2 Nxa2 64.Kd2 Nc3 65.Ke1 Ke3 66.Kf1 Kf3 67.Kg1 Ne4
68.Kh1 Nf2+ 69.Kh2 Bd6+ 70.Kg1 Bf4 71.Kf1 Bh2 72.Ke1 Ne4 73.Kd1 Ke3 74.Kc2
Nd2 75.Kc3 Bd6 76.Kc2 Ke2 77.Kc3 Bc5 78.Kc2 Bb4 79.Kc1 Nf3 80.Kc2 Nd4+ 81.
Kc1 Ba3+ 82.Kb1 Kd2 83.Ka2 Bc1 84.Kb1 Nb5 0-1

[Event "12th EUR-ch"]
[Site "Aix-les-Bains FRA"]
[Date "2011.03.28"]
[Round "7.58"]
[White "Yilmaz, Mustafa"]
[Black "Andriasian, Zaven"]
[Result "1/2-1/2"]
[WhiteElo "2488"]
[BlackElo "2645"]
[EventDate "2011.03.22"]
[PlyCount "64"]

1.e4 c6 2.d4 d5 3.exd5 cxd5 4.c4 Nf6 5.Nc3 Nc6 6.Bf4 Bg4 7.Qa4 e6 8.c5 Be7
9.Bb5 Qc8 10.Nge2 O-O 11.O-O a6 12.Bxc6 bxc6 13.Ng3 Nh5 14.Nxh5 Bxh5 15.
Rfe1 a5 16.Qc2 Bg6 17.Qd1 Ra7 18.Na4 Bd8 19.b3 Re8 20.Qd2 f6 21.Re3 Bc7 
22.Bxc7 Qxc7 23.f3 e5 24.Nc3 Qb8 25.Rae1 Rae7 26.f4 e4 27.Rf1 Bf5 28.Na4 
Ra7 29.Nb6 h5 30.Qe2 g6 31.h3 Ree7 32.a3 Rg7 1/2-1/2

[Event "12th EUR-ch"]
[Site "Aix-les-Bains FRA"]
[Date "2011.03.28"]
[Round "7.59"]
[White "Dubov, Daniil"]
[Black "Sokolov, Ivan"]
[Result "1/2-1/2"]
[WhiteElo "2489"]
[BlackElo "2643"]
[EventDate "2011.03.22"]
[PlyCount "76"]

1.d4 d5 2.c4 e6 3.Nc3 Bb4 4.Nf3 c5 5.cxd5 exd5 6.Bg5 f6 7.Bd2 Nc6 8.dxc5 
Bg4 9.Qa4 Bxf3 10.gxf3 Ne7 11.O-O-O Bxc5 12.Bh3 O-O 13.Be6+ Kh8 14.Bf4 d4 
15.Ne4 Bb6 16.Kb1 Ng6 17.Bg3 f5 18.Nd6 f4 19.Nf7+ Rxf7 20.Bxf7 Nge5 21.Bb3
Qf6 22.Bd5 h6 23.Be4 Rd8 24.Rhg1 Rd7 25.Qb5 fxg3 26.hxg3 d3 27.f4 dxe2 28.
Qxe2 Rxd1+ 29.Rxd1 Nf7 30.Bc2 g6 31.Qe8+ Kg7 32.Rd7 Nd4 33.Be4 Qe6 34.Re7 
Qc4 35.b3 Qf1+ 36.Kb2 Qxf2+ 37.Kb1 Qe1+ 38.Kb2 Qd2+ 1/2-1/2

[Event "12th EUR-ch"]
[Site "Aix-les-Bains FRA"]
[Date "2011.03.28"]
[Round "7.60"]
[White "Wells, Peter"]
[Black "Khalifman, Alexander"]
[Result "1/2-1/2"]
[WhiteElo "2487"]
[BlackElo "2637"]
[EventDate "2011.03.22"]
[PlyCount "23"]

1.d4 d6 2.Nf3 Nf6 3.c4 g6 4.Nc3 Bf5 5.g3 Ne4 6.Nxe4 Bxe4 7.Bh3 Bg7 8.O-O 
O-O 9.Re1 Bc6 10.Bg2 Be4 11.Bh3 Bc6 12.Bg2 1/2-1/2

[Event "12th EUR-ch"]
[Site "Aix-les-Bains FRA"]
[Date "2011.03.28"]
[Round "7.61"]
[White "Volkov, Sergey"]
[Black "Gallagher, Joseph"]
[Result "1-0"]
[WhiteElo "2621"]
[BlackElo "2500"]
[EventDate "2011.03.22"]
[PlyCount "100"]

1.d4 Nf6 2.c4 g6 3.Nc3 Bg7 4.e4 d6 5.Be2 O-O 6.Nf3 e5 7.Be3 exd4 8.Nxd4 
Re8 9.f3 c6 10.Bf2 d5 11.exd5 cxd5 12.O-O Nc6 13.c5 Re5 14.Re1 Bd7 15.Qb3 
Nh5 16.Qxb7 Nxd4 17.Bxd4 Rb8 18.Qxa7 Rxb2 19.Rab1 Rexe2 20.Nxe2 Rxe2 21.
Bxg7 Rxe1+ 22.Rxe1 Kxg7 23.Qb6 Qh4 24.Rd1 Qc4 25.Qb2+ Nf6 26.Rc1 Qa4 27.a3
Qf4 28.Re1 h6 29.Kh1 Bf5 30.Qb4 Qc7 31.a4 Nd7 32.Qd4+ Nf6 33.Rf1 Qc6 34.h4
Kh7 35.a5 Bc8 36.Qe5 Nd7 37.Qd6 Qa4 38.h5 Qh4+ 39.Qh2 Qg5 40.hxg6+ Kxg6 
41.Rd1 Nxc5 42.Qc7 Ne4 43.Qc2 Bf5 44.fxe4 Bxe4 45.Qe2 f5 46.a6 Qg3 47.a7 
Qa3 48.Qf2 h5 49.Rd2 h4 50.Ra2 Qc1+ 1-0

[Event "12th EUR-ch"]
[Site "Aix-les-Bains FRA"]
[Date "2011.03.28"]
[Round "7.62"]
[White "Bagirov, Rufat"]
[Black "Zakhartsov, Viacheslav"]
[Result "0-1"]
[WhiteElo "2476"]
[BlackElo "2608"]
[EventDate "2011.03.22"]
[PlyCount "116"]

1.d4 Nf6 2.Bg5 e6 3.Nd2 h6 4.Bh4 c5 5.e3 Be7 6.c3 b6 7.Ngf3 Bb7 8.Bd3 Nc6 
9.Qe2 O-O 10.O-O cxd4 11.exd4 Nd5 12.Bg3 d6 13.Rad1 Qd7 14.Rfe1 Rfe8 15.
Bb1 Bf8 16.Qd3 g6 17.a3 Nf6 18.h3 Ne7 19.Bh2 b5 20.Nf1 Ned5 21.N3d2 Qc6 
22.f3 Nb6 23.Ba2 Rac8 24.Ne4 Nfd5 25.Ne3 Kg7 26.h4 Nxe3 27.Rxe3 Qd7 28.h5 
f5 29.Ng3 Bd5 30.Bb1 Bb3 31.hxg6 Nd5 32.Rde1 Nxe3 33.Qxe3 Kxg6 34.Qf4 Qf7 
35.Nf1 Kg7 36.Bg3 Kg8 37.Ne3 Rcd8 38.d5 Bxd5 39.Nxd5 exd5 40.Bxf5 Rxe1+ 
41.Bxe1 Re8 42.Bf2 Re5 43.Qg4+ Bg7 44.Bd3 Qe8 45.f4 Re7 46.f5 Kh8 47.Qf4 
Qf8 48.Bxb5 Rb7 49.Bd4 Rxb5 50.f6 Kg8 51.Qg4 Rxb2 52.fxg7 Qe8 53.Qh4 Kh7 
54.Qf6 Rb1+ 55.Kf2 Qe1+ 56.Kf3 Qf1+ 57.Bf2 Qd3+ 58.Kg4 Qe4+ 0-1

[Event "12th EUR-ch"]
[Site "Aix-les-Bains FRA"]
[Date "2011.03.28"]
[Round "7.63"]
[White "Beikert, Gunther"]
[Black "Papaioannou, Ioannis"]
[Result "0-1"]
[WhiteElo "2465"]
[BlackElo "2605"]
[EventDate "2011.03.22"]
[PlyCount "124"]

1.d4 Nf6 2.Nf3 e6 3.g3 b5 4.Bg2 Bb7 5.O-O c5 6.b3 Be7 7.Bb2 O-O 8.c4 bxc4 
9.dxc5 Na6 10.bxc4 Nxc5 11.Nbd2 Rc8 12.Qc2 Nfe4 13.Rfd1 f5 14.Nxe4 Bxe4 
15.Qd2 Bxf3 16.Bxf3 Bf6 17.Rab1 Bxb2 18.Rxb2 Qc7 19.Qd4 Kh8 20.Qe3 h6 21.
Rb5 a6 22.Rb2 Rce8 23.Rdb1 f4 24.Qa3 fxg3 25.hxg3 Qe5 26.Qa5 h5 27.Kg2 Kg8
28.Qd2 h4 29.Qc2 hxg3 30.fxg3 Kf7 31.Qd2 Ke7 32.Rb6 Rh8 33.Rd1 Rh6 34.Qf4 
Qxf4 35.gxf4 Rf8 36.Rd4 Rh4 37.Kg3 Rfh8 38.Rd1 R4h6 39.Kf2 Rh4 40.Ke3 Rf8 
41.Rd4 Rf5 42.Rb8 g5 43.Rg8 Rhxf4 44.Rxf4 Rxf4 45.Rxg5 Rxc4 46.Rg1 d5 47.
Rb1 Kd6 48.Kd2 Rd4+ 49.Kc2 Ra4 50.Kb2 Rb4+ 51.Kc2 Rc4+ 52.Kd2 Ra4 53.Rb2 
Ra3 54.e3 Ke5 55.Bg4 Ne4+ 56.Ke2 Rxa2 57.Rxa2 Nc3+ 58.Kd2 Nxa2 59.Be2 a5 
60.Bb5 Kd6 61.Be8 e5 62.Kc2 e4 0-1

[Event "12th EUR-ch"]
[Site "Aix-les-Bains FRA"]
[Date "2011.03.28"]
[Round "7.64"]
[White "Chatalbashev, Boris"]
[Black "Lobzhanidze, Davit"]
[Result "1-0"]
[WhiteElo "2602"]
[BlackElo "2489"]
[EventDate "2011.03.22"]
[PlyCount "115"]

1.d4 Nf6 2.c4 g6 3.Nc3 Bg7 4.e4 d6 5.Be2 O-O 6.Be3 Na6 7.g4 c5 8.d5 e6 9.
g5 Ne8 10.h4 exd5 11.Qxd5 Bxc3+ 12.bxc3 Nac7 13.Qd3 Qe7 14.h5 Bd7 15.Nh3 
Bc6 16.f3 Ng7 17.hxg6 fxg6 18.O-O-O Rad8 19.Nf4 Nce6 20.Nd5 Bxd5 21.Qxd5 
Qf7 22.Rh4 Nh5 23.Rdh1 Nef4 24.Bxf4 Qxd5 25.cxd5 Rxf4 26.Kd2 Kg7 27.Ke3 
Rxh4 28.Rxh4 Re8 29.Rg4 h6 30.f4 hxg5 31.Rxg5 Nf6 32.Bf3 Nh7 33.Rg1 Kf6 
34.Bg4 Nf8 35.a4 b6 36.Kd3 Re7 37.Re1 g5 38.e5+ dxe5 39.d6 e4+ 40.Rxe4 
Rxe4 41.Kxe4 gxf4 42.Kxf4 Ne6+ 43.Ke4 Nd8 44.Kd5 Kf7 45.Bh5+ Kf6 46.Be8 
Kf5 47.d7 Kf6 48.Kd6 Ne6 49.Bh5 Nd8 50.c4 a6 51.Bf3 b5 52.cxb5 axb5 53.
axb5 c4 54.Bd5 c3 55.Bb3 c2 56.Bxc2 Nf7+ 57.Kc7 Ke7 58.Bb3 1-0

[Event "12th EUR-ch"]
[Site "Aix-les-Bains FRA"]
[Date "2011.03.28"]
[Round "7.65"]
[White "Van Kampen, Robin"]
[Black "Balogh, Csaba"]
[Result "1/2-1/2"]
[WhiteElo "2456"]
[BlackElo "2601"]
[EventDate "2011.03.22"]
[PlyCount "84"]

1.e4 e5 2.Nf3 Nc6 3.Bb5 Nf6 4.O-O Nxe4 5.d4 Nd6 6.Bxc6 dxc6 7.dxe5 Nf5 8.
Qxd8+ Kxd8 9.Nc3 Ke8 10.h3 h6 11.Rd1 Bd7 12.Bf4 Rd8 13.a3 Bc8 14.Rxd8+ 
Kxd8 15.Rd1+ Ke8 16.Ne4 h5 17.Bg5 Be7 18.g3 Be6 19.Nc3 f6 20.Bf4 Bd8 21.
exf6 gxf6 22.Kh2 Kf7 23.Nd4 Bc8 24.Nxf5 Bxf5 25.Rd2 a5 26.Kg2 Ke8 27.Nd1 
Rh7 28.Ne3 Be6 29.f3 c5 30.g4 a4 31.Nf1 f5 32.Ne3 fxg4 33.fxg4 hxg4 34.
hxg4 b5 35.c3 c6 36.Kf3 Be7 37.Rh2 Rxh2 38.Bxh2 b4 39.Be5 Bg5 40.cxb4 cxb4
41.axb4 Bxe3 42.Kxe3 Bxg4 1/2-1/2

[Event "12th EUR-ch"]
[Site "Aix-les-Bains FRA"]
[Date "2011.03.28"]
[Round "7.66"]
[White "Kulaots, Kaido"]
[Black "Libiszewski, Fabien"]
[Result "1-0"]
[WhiteElo "2601"]
[BlackElo "2481"]
[EventDate "2011.03.22"]
[PlyCount "43"]

1.e4 c5 2.Nf3 Nc6 3.Nc3 g6 4.d4 cxd4 5.Nxd4 Bg7 6.Be3 Nf6 7.Bc4 Qa5 8.O-O 
O-O 9.Bb3 d6 10.h3 Bd7 11.Re1 Rfc8 12.Nf3 Be8 13.Qd2 Nd7 14.Bh6 Nde5 15.
Nh2 b5 16.Qg5 Bf6 17.Qf4 Bh8 18.Nd5 Nc4 19.Ng4 Bxb2 20.e5 Bxa1 21.Rxa1 Qd2
22.Nxe7+ 1-0

[Event "12th EUR-ch"]
[Site "Aix-les-Bains FRA"]
[Date "2011.03.28"]
[Round "7.67"]
[White "Edouard, Romain"]
[Black "Fauland, Alexander"]
[Result "1/2-1/2"]
[WhiteElo "2600"]
[BlackElo "2461"]
[EventDate "2011.03.22"]
[PlyCount "79"]

1.e4 c6 2.d4 d5 3.Nc3 dxe4 4.Nxe4 Bf5 5.Ng3 Bg6 6.h4 h6 7.f4 e6 8.Nf3 Nd7 
9.Bd3 Bxd3 10.Qxd3 Bd6 11.Ne4 Ndf6 12.Nxd6+ Qxd6 13.Bd2 Ne7 14.O-O-O Nf5 
15.Kb1 O-O 16.Qb3 a5 17.Bc1 h5 18.Ne5 b5 19.Qf3 Rac8 20.g4 Nxg4 21.Nxg4 
hxg4 22.Qxg4 Rfd8 23.h5 Kh7 24.Rhe1 Qf8 25.Qg1 Rd5 26.Re5 Rcd8 27.c3 R8d7 
28.Rd2 Qd8 29.Rg2 Rxe5 30.fxe5 c5 31.Bg5 Qa8 32.dxc5 Qe4+ 33.Kc1 Qxe5 34.
Rd2 Rc7 35.Bd8 Rxc5 36.Bxa5 Rc4 37.Qh2 Qe4 38.b3 Rc5 39.Kb2 Rd5 40.Rxd5 
1/2-1/2

[Event "12th EUR-ch"]
[Site "Aix-les-Bains FRA"]
[Date "2011.03.28"]
[Round "7.68"]
[White "Caspi, Israel"]
[Black "Postny, Evgeny"]
[Result "1/2-1/2"]
[WhiteElo "2451"]
[BlackElo "2585"]
[EventDate "2011.03.22"]
[PlyCount "81"]

1.d4 d5 2.c4 c6 3.Nf3 Nf6 4.Qc2 dxc4 5.Qxc4 Bg4 6.Nc3 Nbd7 7.e4 Bxf3 8.
gxf3 e5 9.dxe5 Nxe5 10.Qe2 Bc5 11.Bd2 Nh5 12.f4 Qxd2+ 13.Kxd2 Nxf4 14.Qd1 
O-O-O+ 15.Nd5 Nxd5 16.Kc1 Nf4 17.Qc2 Bxf2 18.Kb1 Bb6 19.a3 Rd6 20.Ka2 Rhd8
21.Rb1 g5 22.Qb3 Rd2 23.Bh3+ Kc7 24.Bf5 h5 25.Rbd1 R8d3 26.Rxd2 Rxb3 27.
Kxb3 Be3 28.Rdd1 g4 29.Rhe1 Bc5 30.Rf1 Ng2 31.Rd2 Nh4 32.Rfd1 Nhf3 33.Rd8 
h4 34.Rh8 h3 35.Rh1 Be3 36.Rg8 Bg5 37.Rd1 Kb6 38.Kc3 Bf6 39.Kb3 Bg5 40.Kc3
Bf6 41.Kb3 1/2-1/2

[Event "12th EUR-ch"]
[Site "Aix-les-Bains FRA"]
[Date "2011.03.28"]
[Round "7.69"]
[White "Mikhalevski, Victor"]
[Black "Kurmann, Oliver"]
[Result "1-0"]
[WhiteElo "2584"]
[BlackElo "2446"]
[EventDate "2011.03.22"]
[PlyCount "59"]

1.d4 Nf6 2.c4 e6 3.g3 c5 4.d5 exd5 5.cxd5 d6 6.Nc3 g6 7.Bg2 Bg7 8.Nf3 O-O 
9.O-O a6 10.a4 Nbd7 11.Bf4 Qe7 12.h3 Nh5 13.Bg5 f6 14.Bd2 f5 15.e4 f4 16.
g4 Nhf6 17.Bxf4 Nxe4 18.Bh2 Nxc3 19.bxc3 Ne5 20.Bxe5 Bxe5 21.Re1 Rxf3 22.
Qxf3 Bd7 23.Qg3 Qf6 24.Rxe5 Qxe5 25.Qxe5 dxe5 26.a5 Bb5 27.Re1 b6 28.d6 
Rb8 29.Rb1 c4 30.Rxb5 1-0

[Event "12th EUR-ch"]
[Site "Aix-les-Bains FRA"]
[Date "2011.03.28"]
[Round "7.71"]
[White "Mamedov, Nidjat"]
[Black "Haznedaroglu, Kivanc"]
[Result "1-0"]
[WhiteElo "2583"]
[BlackElo "2440"]
[EventDate "2011.03.22"]
[PlyCount "109"]

1.e4 e5 2.Nf3 Nc6 3.Bb5 a6 4.Ba4 Nf6 5.O-O Be7 6.Re1 b5 7.Bb3 d6 8.c3 O-O 
9.h3 Na5 10.Bc2 c5 11.d4 Qc7 12.Nbd2 cxd4 13.cxd4 Nc6 14.Nb3 a5 15.Be3 a4 
16.Nbd2 Bd7 17.Nf1 Rac8 18.Rc1 Qb7 19.Bb1 Rfe8 20.Ng3 g6 21.Qe2 Bf8 22.
Red1 exd4 23.Nxd4 Ne5 24.Rxc8 Rxc8 25.b3 axb3 26.axb3 b4 27.Bg5 Bg7 28.Qd2
h5 29.f3 Ne8 30.Nge2 Nc7 31.Be3 Na6 32.Nf4 Nc5 33.Nd5 Nc6 34.Bc2 Re8 35.
Nxc6 Bxc6 36.Nxb4 Rb8 37.Qxd6 Bf8 38.Qxc6 Qxb4 39.Bf4 Rb6 40.Qc8 Nxb3 41.
Bxb3 Qc5+ 42.Qxc5 Bxc5+ 43.Kh2 Rxb3 44.Rd8+ Kh7 45.Be5 g5 46.Rh8+ Kg6 47.
Rg8+ Kh6 48.h4 g4 49.Bf4+ Kh7 50.Rg5 Bf2 51.Rxh5+ Kg6 52.Rg5+ Kf6 53.Ra5 
Rb1 54.Ra2 Rf1 55.g3 1-0

[Event "12th EUR-ch"]
[Site "Aix-les-Bains FRA"]
[Date "2011.03.28"]
[Round "7.72"]
[White "Halkias, Stelios"]
[Black "Javakhishvili, Lela"]
[Result "1-0"]
[WhiteElo "2579"]
[BlackElo "2437"]
[EventDate "2011.03.22"]
[PlyCount "83"]

1.d4 d5 2.c4 c6 3.Nf3 Nf6 4.Nc3 dxc4 5.a4 Bf5 6.Ne5 Nbd7 7.Nxc4 Qc7 8.g3 
e5 9.dxe5 Nxe5 10.Bf4 Nfd7 11.Bg2 g5 12.Bxe5 Nxe5 13.Qd4 f6 14.Ne3 Bg6 15.
a5 a6 16.O-O Be7 17.Ne4 Rd8 18.Qc3 f5 19.f4 gxf4 20.gxf4 fxe4 21.fxe5 Qd7 
22.Rad1 Qe6 23.Rd6 Bxd6 24.exd6 Rg8 25.Rf6 Qxd6 26.Rxd6 Rxd6 27.Qe5+ Kd7 
28.Kh1 Bf7 29.Qf5+ Be6 30.Qxh7+ Kc8 31.h4 Re8 32.Qg6 Rdd8 33.Kh2 Kb8 34.
Qxe4 Ka8 35.Qb4 Ba2 36.Qa3 Bb1 37.Bf3 Bd3 38.Nd5 Rxd5 39.Bxd5 Rxe2+ 40.Kg3
Re3+ 41.Kf2 Re2+ 42.Kf3 1-0

[Event "12th EUR-ch"]
[Site "Aix-les-Bains FRA"]
[Date "2011.03.28"]
[Round "7.73"]
[White "Ftacnik, Lubomir"]
[Black "Roser, Kevin"]
[Result "1/2-1/2"]
[WhiteElo "2578"]
[BlackElo "2423"]
[EventDate "2011.03.22"]
[PlyCount "67"]

1.Nf3 Nf6 2.c4 b6 3.g3 c5 4.Bg2 Bb7 5.Nc3 g6 6.d4 cxd4 7.Qxd4 Bg7 8.O-O d6
9.Rd1 Nbd7 10.Be3 Rc8 11.Rac1 a6 12.b3 O-O 13.Qh4 Rc7 14.Bh3 Qb8 15.a4 Nc5
16.b4 Ncd7 17.Bxd7 Rxd7 18.Nd5 Nxd5 19.cxd5 Rc8 20.Bd4 Rxc1 21.Rxc1 Rc7 
22.Rxc7 Qxc7 23.Bxg7 Kxg7 24.Qd4+ Kg8 25.Kg2 Bc8 26.Qd3 Qc1 27.Nd4 Bb7 28.
e4 Qa1 29.Qc4 Qxa4 30.Qc7 Qxb4 31.Qd8+ Kg7 32.Ne6+ fxe6 33.Qxe7+ Kg8 34.
Qe8+ 1/2-1/2

[Event "12th EUR-ch"]
[Site "Aix-les-Bains FRA"]
[Date "2011.03.28"]
[Round "7.74"]
[White "Terrieux, Kevin"]
[Black "Shengelia, David"]
[Result "1-0"]
[WhiteElo "2422"]
[BlackElo "2573"]
[EventDate "2011.03.22"]
[PlyCount "73"]

1.d4 c6 2.c4 g6 3.Nc3 Bg7 4.Nf3 d6 5.g3 Be6 6.e4 Qb6 7.h3 h6 8.Be3 c5 9.
Na4 Qa5+ 10.Bd2 Qc7 11.d5 Bd7 12.Nc3 Na6 13.a3 Qc8 14.Qe2 g5 15.e5 Kf8 16.
g4 Nc7 17.Ne4 Ne8 18.Bc3 dxe5 19.Nxe5 Ngf6 20.Bg2 Nxe4 21.Bxe4 Nd6 22.f4 
h5 23.fxg5 hxg4 24.O-O Kg8 25.hxg4 Qc7 26.Bf5 e6 27.Nxd7 Bxc3 28.bxc3 exf5
29.Nf6+ Kf8 30.Qe5 Rh4 31.gxf5 Qe7 32.Qg3 Rxc4 33.Rae1 Ne4 34.Qh4 Qd6 35.
Rxe4 Rxe4 36.Nxe4 Qxd5 37.Re1 1-0

[Event "12th EUR-ch"]
[Site "Aix-les-Bains FRA"]
[Date "2011.03.28"]
[Round "7.75"]
[White "Houska, Jovanka"]
[Black "Hovhannisyan, Robert"]
[Result "1/2-1/2"]
[WhiteElo "2419"]
[BlackElo "2560"]
[EventDate "2011.03.22"]
[PlyCount "195"]

1.d4 d5 2.Nf3 Nf6 3.c4 c6 4.e3 Bg4 5.h3 Bh5 6.Nc3 e6 7.Qb3 Qb6 8.Ne5 Nfd7 
9.Nd3 Bg6 10.Qd1 h6 11.Nf4 Bh7 12.Nh5 Nf6 13.Nxf6+ gxf6 14.Bd3 Bxd3 15.
Qxd3 Qa6 16.b3 Nd7 17.Ke2 dxc4 18.Qxc4 Qa5 19.Bd2 Rg8 20.g4 h5 21.Rhg1 Qg5
22.Ne4 Qh4 23.f3 hxg4 24.hxg4 f5 25.Rh1 Qe7 26.gxf5 exf5 27.Nf2 O-O-O 28.
Rh7 Rg7 29.Rxg7 Bxg7 30.Rg1 Bh6 31.Qb4 Qxb4 32.Bxb4 Re8 33.e4 fxe4 34.fxe4
f5 35.Kd3 Nf6 36.Re1 Rg8 37.exf5 Rg3+ 38.Ke2 Re3+ 39.Kf1 Rf3 40.Kg2 Rxf5 
41.Ne4 Nxe4 42.Rxe4 Rf7 43.Rh4 Bg5 44.Rg4 Rf5 45.Rg3 Bf6 46.Bc3 Rf4 47.
Rg8+ Kd7 48.Rb8 b5 49.Rb7+ Kd6 50.Rxa7 Bxd4 51.Bxd4 Rxd4 52.Kf3 Kc5 53.Ke3
Rd8 54.a3 Rd1 55.Ra6 Rd6 56.Ke4 Rd4+ 57.Ke3 Rd1 58.b4+ Kd5 59.Ke2 Rd4 60.
Ke3 Rc4 61.Kd3 Kd6 62.Ra7 Rh4 63.Ra8 Rh3+ 64.Kd4 Kc7 65.Ra7+ Kb6 66.Ra8 
Rb3 67.Ke4 Kb7 68.Ra5 Kb6 69.Ra8 Rg3 70.Kd4 Rh3 71.Ke4 Kb7 72.Ra5 Rh8 73.
Kd3 Kb6 74.a4 bxa4 75.Rxa4 Kb5 76.Ra7 Rh3+ 77.Kc2 Kxb4 78.Rb7+ Kc4 79.Rg7 
Rh2+ 80.Kc1 Rh4 81.Kc2 c5 82.Rg3 Rh2+ 83.Kc1 Re2 84.Kd1 Rb2 85.Kc1 Rb3 86.
Rg4+ Kc3 87.Rg3+ Kc4 88.Rg8 Rh3 89.Kc2 Rf3 90.Rh8 Rf2+ 91.Kc1 Rg2 92.Rh4+ 
Kb3 93.Rh3+ Ka2 94.Rh4 Kb3 95.Rh3+ Kb4 96.Rh4+ c4 97.Rh3 c3 98.Rh8 1/2-1/2